European economy news

Na minha lista:
Detalhes bibliográficos
Formato: Periódico
Idioma:inglês
Publicado em: Luxembourg European Communities 2009
Assuntos:
Tags: Adicionar Tag
Sem tags, seja o primeiro a adicionar uma tag!

MARC

LEADER 00000nas2a2200000 4500
001 0164582
005 20130130135451.6
022 |a 1830-5180 
041 0 |a eng 
044 |a LU 
245 1 0 |a European economy news 
264 1 |a Luxembourg  |b European Communities  |c 2009 
773 0 |w eu_un_cat*0038651 
610 2 0 |a integrácia 
610 2 0 |a integrácia ekonomická medzinárodná 
610 2 0 |a Európska únia 
610 2 0 |a vzťahy hospodárske medzinárodné